Statistics for Top 15 Countries with Covid-19 Deaths - 7 June

Click here to take the quiz!

General Stats

  • This quiz has been taken 18 times
  • The average score is 15 of 20

Answer Stats

country% Correct
United States
100%
Italy
94%
Brazil
89%
Mexico
89%
Spain
89%
United Kingdom
89%
France
83%
Germany
83%
India
83%
Russia
83%
Canada
78%
Portugal
78%
Sweden
67%
Belgium
61%
Netherlands
61%
Iran
56%
Ireland
56%
Peru
56%
Switzerland
56%
Ecuador
50%

Score Distribution

Percentile by Number Answered

Percent of People with Each Score

Your Score History

You have not taken this quiz